Derecho I (Registro nro. 607)

Detalles MARC
000 -LEADER
fixed length control field 01054 a2200229 4500
001 - CONTROL NUMBER
control field 14680
005 - DATE AND TIME OF LATEST TRANSACTION
control field 20260407155448.0
008 - FIXED-LENGTH DATA ELEMENTS--GENERAL INFORMATION
fixed length control field 260407a2010 arg spa d
003 - CONTROL NUMBER IDENTIFIER
control field AR-UNSa-BCEJYS
040 ## - CATALOGING SOURCE
Original cataloging agency AR-UNSa-BCEJYS
Language of cataloging spa
Transcribing agency AR-UNSa-BCEJYS
080 ## - UNIVERSAL DECIMAL CLASSIFICATION NUMBER
Universal Decimal Classification number 347
Common auxiliary subdivision Derecho Civil
100 1# - MAIN ENTRY--PERSONAL NAME
Personal name Yarade, Héctor Reinaldo
245 10 - TITLE STATEMENT
Title Derecho I
250 ## - EDITION STATEMENT
Edition statement 8a. ed.
264 #1 - PRODUCTION, PUBLICATION, DISTRIBUTION, MANUFACTURE, AND COPYRIGHT NOTICE
Place of production, publication, distribution, manufacture Salta :
Name of producer, publisher, distributor, manufacturer Universidad Nacional de Salta. Facultad de Ciencias Económicas, Jurídicas y Sociales
Date of production, publication, distribution, manufacture, or copyright notice 2010
300 ## - PHYSICAL DESCRIPTION
Extent 268 p.
Dimensions 29 cm.
505 ## - FORMATTED CONTENTS NOTE
Formatted contents note 1. El derecho - 2. Fuente del Derecho - 3. Sujeto del Derecho - 4. Patrimonio - 5. Hechos Jurídicos - 6. Instrumentos privados - 7. Teoría General de las Obligaciones - 8. Modificación de la ogbligación - 9. Actos Ilícitos - 10. Parte general del contrato - 11. Derecho reales - 12. Derechos de familia
590 ## - LOCAL NOTE (RLIN)
Local note niveau_biblio:m niveau_hierar:0
700 1# - ADDED ENTRY--PERSONAL NAME
Personal name Ayala de Yáñez, María Rosa I.
856 41 - ELECTRONIC LOCATION AND ACCESS
Uniform Resource Identifier <a href="https://biblioeco.unsa.edu.ar/pmb/images/libros/Derecho I.jpg">https://biblioeco.unsa.edu.ar/pmb/images/libros/Derecho I.jpg</a>
Link text Imagen de portada
Electronic format type image/jpeg
942 ## - ADDED ENTRY ELEMENTS (KOHA)
Koha item type
Existencias
Withdrawn status Lost status Damaged status Not for loan Home library Current library Shelving location Date acquired Total checkouts Full call number Barcode Date last seen Price effective from Koha item type
        Biblioteca Prof. Eusebio Cleto del Rey Biblioteca Prof. Eusebio Cleto del Rey   07/04/2026   347 Y26 8ed. L119027 07/04/2026 07/04/2026 Libro
        Biblioteca Prof. Eusebio Cleto del Rey Biblioteca Prof. Eusebio Cleto del Rey   07/04/2026   347 Y26 8ed. L119026 07/04/2026 07/04/2026 Libro
        Biblioteca Prof. Eusebio Cleto del Rey Biblioteca Prof. Eusebio Cleto del Rey   07/04/2026   347 Y26 8ed. L119024 07/04/2026 07/04/2026 Libro
        Biblioteca Prof. Eusebio Cleto del Rey Biblioteca Prof. Eusebio Cleto del Rey   07/04/2026   347 Y26 8ed. L119025 07/04/2026 07/04/2026 Libro
        Biblioteca Prof. Eusebio Cleto del Rey Biblioteca Prof. Eusebio Cleto del Rey   07/04/2026   347 Y26 8ed. L119023 07/04/2026 07/04/2026 Libro
        Biblioteca Prof. Eusebio Cleto del Rey Biblioteca Prof. Eusebio Cleto del Rey   07/04/2026   347 Y26 8ed. L119022 07/04/2026 07/04/2026 Libro